Statistics for Airlines Serving London (Ontario) (YXU)

Click here to take the quiz!

General Stats

  • This quiz has been taken 38 times
    (30 since last reset)
  • The average score is 3 of 5

Answer Stats

Airline% Correct
Air Canada
100%
WestJet
79%
Sunwing Airlines
50%
Air Transat
33%
Canadian North
13%

Score Distribution

Percentile by Number Answered

Percent of People with Each Score

Your Score History

You have not taken this quiz since the last reset